Fond rozvoja vidieka podporí sedemnásť projektov

Bibliographic Details
Main Authors: Haraj, Vadim (Author), Jamnický, Vladimír, 1950- (Author)
Format: Article
Language:Slovak
Subjects:

MARC

LEADER 00000nab a2200000 a 4500
001 vtls000730295
003 SK-MaSNL
005 20260302200350.0
008 180205c2000 xo 0 slo
015 |a SNBRB2000/09-21409 
035 |a CLN000082427 
040 |a SNKBUCL  |b slo  |c SNKBUCL  |e AACR2 
041 0 |a slo 
044 |a xo  |c SK 
080 |a 332.1:911.373(437.6)  |2 UDC-MRF-SK2 
080 |a 711.436/.438(437.6)  |2 UDC-MRF-SK2 
100 1 |a Haraj, Vadim  |4 aut  |9 359819 
245 1 0 |a Fond rozvoja vidieka podporí sedemnásť projektov  |c Vadim Haraj, Vladimír Jamnický 
650 0 7 |a vidiek  |x rozvoj  |z Slovensko  |x projekty  |2 snkbucl  |9 919182 
655 7 |a články z novín a časopisov  |2 snkbucl  |9 267496 
700 1 |a Jamnický, Vladimír,  |d 1950-  |4 aut  |9 12752 
773 0 |t Roľnícke noviny  |g Č. 142 (26.7.2000) 
773 0 |t [Príl.] Beseda  |g Roč. 7, s. 4 
850 |a Slovenská národná knižnica v Martine 
852 |a SNK  |b KIS3GCP 
958 |a RBX 
999 |c 1456449  |d 1458379